পথের দাবী / (Record no. 11800)
[ view plain ]
| 000 -LEADER | |
|---|---|
| fixed length control field | 00705nam a22002297a 4500 |
| 001 - CONTROL NUMBER | |
| JCCL Control Number | 11800 |
| 003 - CONTROL NUMBER IDENTIFIER | |
| JCCL marc code | BD-JhCC |
| 005 - DATE AND TIME OF LATEST TRANSACTION | |
| control field | 20240311075451.0 |
| 008 - FIXED-LENGTH DATA ELEMENTS--GENERAL INFORMATION | |
| fixed length control field | 201102b2018 bg ||||| ||a| 001 0 ben d |
| 020 ## - INTERNATIONAL STANDARD BOOK NUMBER | |
| International Standard Book Number | 9847015400766 |
| 035 ## - SYSTEM CONTROL NUMBER | |
| system control number | (BD-JhCC)11800 |
| 040 ## - CATALOGING SOURCE | |
| Original cataloging agency | BD-JhCC |
| Modifying agency | BD-JhCC |
| 041 ## - LANGUAGE CODE | |
| Language code of Book | ben |
| 082 ## - DEWEY DECIMAL CLASSIFICATION NUMBER | |
| Classification number | 891.443 |
| Author mark and Year | CHO 2018 |
| 100 ## - MAIN ENTRY--PERSONAL NAME | |
| Personal name | শরৎচন্দ্র চট্রোপাধ্যায় |
| 245 ## - TITLE STATEMENT | |
| Title | পথের দাবী / |
| Statement of responsibility, etc | চট্রোপাধ্যায়, শরৎচন্দ্র |
| 260 ## - PUBLICATION, DISTRIBUTION, ETC. (IMPRINT) | |
| Place of publication, distribution, etc | ঢাকা: |
| Name of publisher, distributor, etc | জয় প্রকাশন; |
| Date of publication, distribution, etc | ২০১৮. |
| 300 ## - PHYSICAL DESCRIPTION | |
| Pagination | 182 p. : |
| Dimensions | 20 cm |
| 650 ## - SUBJECT ADDED ENTRY--TOPICAL TERM | |
| Topical term or geographic name as entry element | Novel |
| 942 ## - ADDED ENTRY ELEMENTS (KOHA) | |
| Source of classification or shelving scheme | Dewey Decimal Classification |
| Koha item type | Books |
| Koha issues (borrowed), all copies | 3 |
| Source of classification or shelving scheme | Damaged status | Not for loan | Home library | Current library | Shelving location | Date of accession | Source of acquisition | Cost, normal purchase price | Total Checkouts | Full call number | Barcode | Checked out | Date last seen | Date checked out | Copy number | Koha item type | Method of acquisition | Currency |
|---|---|---|---|---|---|---|---|---|---|---|---|---|---|---|---|---|---|---|
| Dewey Decimal Classification | JCC Rouf Library | JCC Rouf Library | General Stacks | 11/02/2020 | Lt. Gen. Mahfuzur Rahman (10th intake) | 165.00 | 10 | 891.443 CHO 2018 | 16194 | 01/03/2026 | 11/26/2025 | 11/26/2025 | C-1 | Books | ||||
| Dewey Decimal Classification | JCC Rouf Library | JCC Rouf Library | General Stacks | 325.00 | 5 | 891.443 CHO 2018 | 19079 | 01/14/2026 | 11/09/2025 | C-2 | Books | Purchase | BDT | |||||
| Dewey Decimal Classification | JCC Rouf Library | JCC Rouf Library | General Stacks | 325.00 | 1 | 891.443 CHO 2018 | 19080 | 01/10/2026 | 12/14/2025 | 12/14/2025 | C-3 | Books | Purchase | BDT |